01478cam a22003497a 4500003000500000005001700005008004100022010000900063011001000072035000900082040000900091090001000100100004600110245013800156260003600294300001100330502014200341590003700483590004100520590004100561590004100602590004200643650003200685650003400717901000700751942000900758949004100767949004600808999001500854952013200869952012701001CHAP20220329133706.0971013s1993 r 00010 d a9554 a10526 a9763 cCHAP aTesis00aToxtle Tlamani, José Silvestre.911446913aEl papel de la ganadería de traspatio en las zonas rurales cercanas a las ciudades ; casosb: Coronango, Puebla y Panotla, Tlaxcala aPuebla, Pue. :bEl autor,c1993 a165 h. aTesis (M.C. en Estrategias para el Desarrollo Agrícola Regional) -- C.P. Programa en Estrategias para el Desarrollo Agrícola Regional aALEPHb10c20130110lUCH01h1225 aBATCH-UPDb10c20130110lUCH01h2120 aBATCH-UPDb10c20130410lUCH01h1430 aBATCH-UPDb10c20130914lUCH01h1455 aCONVERSIONb10c20130109lUCH01h130614aGanaderíaxPuebla.94483814aGanaderíaxTlaxcala.944854 aBK cFOLL bBCcTESd-20835eTS1h26527i9763si bBCcTESd-20836eTS2fc.2h26528i9763si c9554d9554 00102local4053708TESISaBCbBCcPA_TESISd2019-12-31fTESISl0oTesisp-20836r2019-12-31 00:00:00tc.2w2019-12-31yTESIS 00102local4051708TESISaBCbBCcPA_TESISd2019-12-31fTESISl0oTesisp-20835r2019-12-31 00:00:00w2019-12-31yTESIS